| 000 | 02946cam a22004934i 4500 | ||
|---|---|---|---|
| 003 | PE-LiUPU | ||
| 005 | 20250731173052.0 | ||
| 008 | 180226s2014 ne a rb 001 0 eng d | ||
| 020 | _a9789004204102 | ||
| 035 | _a(Sirsi) a241394 | ||
| 040 |
_aPE-LiUPU _bspa _cPE-LiUPU _erda |
||
| 049 | _aPRUA | ||
| 082 | 0 | 4 |
_a264.3609031 _bC7 _223 |
| 245 | 0 | 2 |
_aA companion to the eucharist in the Reformation / _cedited by Lee Palmer Wandel. |
| 264 | 1 |
_aLeiden, The Netherlands : _bBrill, _c2014. |
|
| 300 |
_axx, 518 páginas : _bilustraciones ; _c25 centímetros. |
||
| 336 |
_atext _2rdacontent |
||
| 337 |
_aunmediated _2rdamedia |
||
| 338 |
_avolume _2rdacarrier |
||
| 490 | 1 |
_aBrill's companions to the Christian tradition ; _vvolume 46 |
|
| 504 | _aBibliografía : páginas 509-513. | ||
| 504 | _aÍndices: páginas 515-518. | ||
| 505 | 0 | _aIntroduction / Lee Palmer Wandel -- THEOLOGY -- The medieval inheritance / Gary Macy -- Martin Luther / Volker Leppin -- Huldrych Zwingli and Heinrich Bullinger / Carrie Euler -- Martin Bucer / Nicholas Thompson -- John Calvin / Nicholas Wolterstorff -- Anabaptist theologies of the Eucharist / John D. Rempel -- Anglican theologies of the Eucharist / James F. Turrell -- The Council of Trent / Robert J. Daly, S.J. -- LITURGICAL PRACTICES -- Catholic liturgies of the Eucharist in the time of reform / Isabelle Brian -- From sacrifice to supper: Eucharist practice in the Lutheran Reformation / Thomas H. Schattauer -- Reformed liturgical practices / Raymond A. Mentzer -- Anabaptist liturgical practices / Michele Zelinsky Hanson -- Anglican liturgical practices / James F. Turrell -- The Spanish New World / Jaime Lara -- SITES OF THE EUCHARIST -- Sites of the Eucharist / Andrew Spicer -- THE ART OF THE LITURGY -- A view of the Eucharist on the eve of the Protestant Reformation / Achim Timmermann -- The Lutheran tradition / Birgit Ulrike Münch -- Reformed / Andreas Gormans -- THE EUCHARIST AND SOUND -- The sounds of eucharistic culture / Alexander J. Fisher -- THE IMPORT OF THE EUCHARIST -- Sacramental poetics / Regina M. Schwartz -- Enlightenment aesthetics and the eucharistic sign: Lessing's Laocoön / Christopher Wild. | |
| 526 | _aSEG42 | ||
| 526 | _aSEG41 | ||
| 526 | _aSEG40 | ||
| 526 | _aSEG39 | ||
| 526 | _aP94 | ||
| 526 | _aP87 | ||
| 526 | _aP86 | ||
| 526 | _aP85 | ||
| 526 | _aP77 | ||
| 526 | _aP76 | ||
| 526 | _aP35 | ||
| 650 | 0 |
_aChristianity and culture _xHistory _y16th century. |
|
| 650 | 0 |
_aCristianismo y cultura _xHistoria _ysiglo XVI. |
|
| 700 | 1 |
_aWandel, Lee Palmer, _eeditor. |
|
| 910 |
_adbm _bjpc _cjpc _d20180226 |
||
| 942 |
_2ddc _cBOOK |
||
| 994 |
_aC0 _bPEPRU |
||
| 596 | _a1 | ||
| 999 |
_a264.3609031 C7 _wDEWEY _c27031 _i77032 _f2021-11-10 _g4 _lCCODEBUL1 _mBUL _p278.00 _r0 _sY _tBOOK _u2018-2-26 _xTEOLOGIA _PP35 _0DONACION _o.STAFF. Colección Teología _d27031 |
||
| 980 |
_81 _gALBERTO SANCHEZ Responsable de Automatización |
||